000 01103cab a22002175a 4500
001 L144485
008 080722s2008 xxko f 000 0 eng d
035 _a(Sirsi) u144485
041 0 _aeng
100 1 _aMoody, Jeremy
245 0 0 _aRent reviews
260 _c2008
490 _aFarmland Market
_v(69) Summer 2008, 14-15(2)
520 _aArticle explains that recent months have seen a significant increase of interest in rent reviews after a period of relative stagnation and that tenancies under the 1986 Agricultural Holdings Act are returning to the fore. Discusses these as opposed to rent reviews under the 1995 Agricultural Holdings Act and states that the rent is only one aspect of the landlord-tenant relationship and suggests that constructive negotiations over rent can foster improved long-term working relationships.
650 2 4 _aAGRICULTURAL HOLDINGS ACT 1986
650 2 4 _aAGRICULTURAL HOLDINGS ACT 1995
650 2 4 _aSECRETARY OF STATE V SPENCER
651 4 _aEngland and Wales
_y1543-
690 _aPROPERTY-LANDLORD AND TENANT-TENANCIES-TENANCY RENT REVIEW
942 _n0
999 _c80485
_d80485